1917 1844 1383 1529 1955 1914 1912 1387 1432 1115 1687 1548 1522 1958 1788 1054 1203 1390 1570 1771 1739 1716 1519 1416 1103 1358 1016 1473 1451 1175 1157 1943 1128 1947 1252 1223 1402 1642 1043 1872 1591 1937 1136 1145 1841 1826 1550 1358 1101 1377 1022 1345 1540 1345 1045 1731 1447 1243 1077 1170 1709 1916 1765 1938 1578 1220 1916 1024 1552 1039 1587 1234 1438 1617 1867 1433 1783 1835 1622 1413 1086 1800 1198 1457 1193 1348 1266 1814 1060 1219 1217 1502 1001 1546 1108 1824 1592 1197 1447 BCNSPRNW ULIB Ver.6.0+V

เปลี่ยนเป็นภาษาไทย

Change to English
 แสดงรายละเอียดบรรณานุกรม
  กลับหน้าหลัก

Brief Record : Get Marc (ISO 2709) : E-mail record : QR code < ปิดหน้าต่าง
LEADER : 00000nam 2200000uu 4500
001    13399126469
003     ULIB
008    180918s2560||||th 000 0 tha d
020    ^a9786160437818
050 ^a ^aLC94.T5 ^bย626ฝ
100 ^a ^aยะมะซะกิ, อะกะชิ
245 ^a ^aฝึกบริหารจัดการตนเอง / ^cAkashi Yamazaki, เขียน ; อังคณา รัตนจันทร์, แปล
250 ^a ^aพิมพ์ครั้งที่ 1
260 ^a ^aกรุงเทพฯ : ^bนานมีบุ๊คส์, ^c2560
300 ^a ^a129 หน้า : ^bภาพประกอบ
440 ^a ^aทักษะการทำงาน ฝึกได้ตั้งแต่วัยเรียน
650 ^a ^aการจัดการบ้าน
650  0 ^aการทำความสะอาดบ้าน
700 ^a อังคณา รัตนจันทร์, ^eผู้แปล
945    ^p245^l0^i26684
945    ^p245^l0^i26685
999    ^aกัณชพร จุลอักษร
รายการนี้ยังไม่มีแท็ก
คุณยังไม่ได้ล็อกอิน คุณสามารถมีกิจกรรมร่วมกับเว็บไซต์ได้ แต่ต้องล็อกอินก่อน ::
  ล็อกอิน

รายการสื่อสารสนเทศ

ลำดับที่ ประเภท เลขเรียก/บาร์โค้ด สถานที่ สถานะ
1. หนังสือสำรอง
หนังสือสำรอง
LC94.T5 ย626ฝ ฉ.1 
  Barcode: 26684
ห้องสมุดวิทยาเขตนครสวรรค์
►หนังสือทั่วไป:l:General Books
บนชั้น
2. วิทยาศาสตร์การแพทย์ และสุขภาพ
วิทยาศาสตร์การแพทย์ และสุขภาพ
LC94.T5 ย626ฝ ฉ.2 
  Barcode: 26685
ห้องสมุดวิทยาเขตนครสวรรค์
►หนังสือทั่วไป:l:General Books
บนชั้น

รายการใกล้เคียง
    ผู้แต่ง [ยะมะซะกิ, อะกะชิ]

    หัวเรื่อง [การจัดการบ้าน]
    หัวเรื่อง [การทำความสะอาดบ้าน]

BibComment


ยังไม่เคยถูกคอมเมนท์

คอมเมนท์ทรัพยากรรายการนี้
  คอมเมนท์: ฝึกบริหารจัดการต..


 Copyright 2026. Bcnsprnw @Library